The herders of Cyrenaica : ecology, economy, and kinship among the bedouin of eastern Libya /

Bibliographic Details
Main Author: Behnke, Roy H., 1947-
Format: Book
Language:English
Published: Urbana : University of Illinois Press, [1980]
Series:Illinois studies in anthropology ; no. 12.
Subjects:

MARC

Tag First Indicator Second Indicator Subfields
LEADER 00000pam a2200000 a 4500
001 in00000087661
005 20151008064917.0
008 790314s1980 iluabf b 00110 engm
010 |a  79010605  
020 |a 0252007298 :  |c $10.95 
035 |a (OCoLC)04831709 
035 |9 AAK5018AM 
040 |a DLC  |c DLC  |d m.c.  |d TXA  |d UtOrBLW 
043 |a f-ly--- 
049 |a TXAM  |c [801098] 
050 0 0 |a DT223  |b .B44 
082 0 |a 301.45/19/270612  |2 19 
100 1 |a Behnke, Roy H.,  |d 1947- 
245 1 4 |a The herders of Cyrenaica :  |b ecology, economy, and kinship among the bedouin of eastern Libya /  |c Roy H. Behnke, Jr. 
264 1 |a Urbana :  |b University of Illinois Press,  |c [1980] 
264 4 |c ©1980 
300 |a 197 pages, 18 unnumbered pages of plates :  |b illustrations, maps ;  |c 23 cm. 
336 |a text  |b txt  |2 rdacontent 
337 |a unmediated  |b n  |2 rdamedia 
338 |a volume  |b nc  |2 rdacarrier 
490 1 |a Illinois studies in anthropology ;  |v no. 12 
500 |a Includes index. 
504 |a Bibliography: pages [191]-194. 
650 0 |a Bedouins in Libya. 
650 0 |a Bedouins  |z Cyrenaica. 
650 0 |a Herders  |z Libya. 
651 0 |a Libya  |x Economic conditions. 
651 0 |a Cyrenaica  |x Economic conditions. 
830 0 |a Illinois studies in anthropology ;  |v no. 12. 
999 |a MARS 
999 f f |s cae6fae6-66c3-3f69-bc93-6d352d0edba7  |i 98a60b05-e9a4-3201-9eb0-675291b5285e  |t 0 
952 f f |p normal  |a Texas A&M University  |b College Station  |c Sterling C. Evans Library  |d Evans: Library Stacks  |t 0  |e DT223 .B44  |h Library of Congress classification  |i unmediated -- volume  |m A14806103162 
998 f f |a DT223 .B44  |t 0  |l Evans: Library Stacks